000 00654nam a2200229Ia 4500
003 OSt
005 20220928125144.0
006 a|||||r|||| 00| 0
007 ta
008 220927b |||||||| |||| 00| 0 eng d
024 _a38272
037 _cTextual
040 _aSDCL
_cSDCL
_beng
041 _2eng
_aeng
082 _aX9wM94, N7
100 _aKotter John P
_9468356
245 0 _aMatsushita leadership
_bLessons from the20th century's most remarkable entrepreneur
260 _aNew York
_b Free Press
_c1977
300 _axvii,302p
_ccm.
942 _hX9wM94, N7
_cTEXL
_2CC
999 _c781194
_d781194